[Event "AUTO-OPEN-1257"]
[Site "http://www.queenalice.com/game.php?id=460089"]
[Date "2008.9.8"]
[Round "1"]
[White "marte"]
[Black "testouverture"]
[Result "0-1"]
[WhiteElo "2220"]
[BlackElo "2129"]

1. d4 Nf6 2. c4 e6 3. Nf3 b6 4. e3 Bb7 5. Nc3 d5 6. Bd3 dxc4 7. Bxc4 a6 8. O-O
b5 9. Bd3 c5 10. b3 Nbd7 11. Bb2 Bd6 12. Rc1 O-O 13. h3 cxd4 14. exd4 Bf4 15.
Rc2 Rc8 16. Re1 b4 17. Ne4 Qa5 18. Ne5 Rxc2 19. Qxc2 Rc8 20. Nxf6+ Nxf6 21. Nc4
Qd5 22. f3 Qg5 23. Kf1 Qh4 24. Bc1 Bg3 25. Re2 Nd5 26. Be3 Nxe3+ 27. Rxe3 Qxd4
28. Re2 g6 0-1

[Event "AUTO-OPEN-1257"]
[Site "http://www.queenalice.com/game.php?id=460100"]
[Date "2008.9.8"]
[Round "1"]
[White "marte"]
[Black "Jajer"]
[Result "1-0"]
[WhiteElo "2233"]
[BlackElo "1433"]

1. d4 c5 2. d5 e6 3. c4 exd5 4. e3 Qa5+ 5. Bd2 Qb6 6. Qc2 d4 7. exd4 d6 8. Nc3
Ne7 9. Nf3 cxd4 10. Na4 Qc6 11. Nxd4 Qd7 12. Bd3 Qg4 13. Be4 g6 14. Nb5 Na6 15.
Nxd6+ Kd7 16. Nxf7 Qh5 17. Nxh8 Nc5 18. Nxc5+ Qxc5 19. O-O Nc6 20. Rad1 Kc7 21.
Bxc6 Qxc6 22. Bf4+ Bd6 23. Bxd6+ Kb6 24. c5+ Ka6 25. Rd3 b6 26. Nf7 b5 27. Ra3+
Kb7 28. Nd8# 1-0

[Event "AUTO-OPEN-1257"]
[Site "http://www.queenalice.com/game.php?id=460101"]
[Date "2008.9.8"]
[Round "1"]
[White "Jajer"]
[Black "marte"]
[Result "0-1"]
[WhiteElo "1464"]
[BlackElo "2234"]

1. e4 d6 2. Nf3 Nf6 3. Nc3 g6 4. d4 Bg7 5. Be2 O-O 6. O-O Nbd7 7. Be3 a6 8. Bd3
b5 9. b4 Bb7 10. d5 c6 11. Bd4 cxd5 12. e5 dxe5 13. Bxe5 Nxe5 14. Nxe5 Ne4 15.
Nxe4 dxe4 16. Bxe4 Bxe4 17. Qxd8 Rfxd8 18. Rae1 Bxe5 19. Rxe4 Bd6 20. Rd1 Rac8
21. Rd2 e6 22. a3 Be7 23. Rxd8+ Rxd8 24. h3 Rc8 25. Re2 Rc3 26. Kf1 Rxa3 27. Rd2
Bxb4 28. Rd8+ Kg7 29. Rc8 Bc3 30. Rc6 a5 31. Ke2 b4 32. Kd3 Ra1 33. Ra6 a4 34.
Kc4 a3 35. Kb3 Rb1+ 36. Ka2 Rb2+ 37. Ka1 Rxc2+ 38. Kb1 Rxf2 39. g3 e5 40. Rxa3
bxa3 41. g4 a2+ 42. Kc1 a1=Q# 0-1

[Event "AUTO-OPEN-1290"]
[Site "http://www.queenalice.com/game.php?id=473215"]
[Date "2008.10.5"]
[Round "1"]
[White "Defensor"]
[Black "marte"]
[Result "1-0"]
[WhiteElo "1938"]
[BlackElo "2140"]

1. e4 e5 2. Nf3 Nf6 3. Nc3 Nc6 4. Bb5 d6 5. Bxc6+ bxc6 6. d4 Bg4 7. Be3 exd4 8.
Bxd4 Be7 9. O-O O-O 10. Qd3 Re8 11. e5 dxe5 12. Nxe5 Bd7 13. Rfd1 Bd6 14. Nc4
Be6 15. Bxf6 Qxf6 16. Nxd6 cxd6 17. Qxd6 Rac8 18. Rd3 Qg5 19. Ne4 Qg4 20. f3 Qh4
21. g3 Qh5 22. Qc5 Qxc5+ 23. Nxc5 Bd5 24. Kf2 Re5 25. f4 Rh5 26. h4 Bc4 27. Rd4
Rxc5 28. b4 Rd5 29. Rxc4 Kf8 30. Re1 c5 31. Re5 Rxe5 32. fxe5 Ke7 33. Rxc5 Rxc5
34. bxc5 Kd7 35. Kf3 Kc6 36. Kf4 Kxc5 37. g4 a5 38. Kf5 Kd5 39. g5 a4 40. h5 a3
41. h6 gxh6 42. gxh6 1-0

[Event "AUTO-OPEN-1290"]
[Site "http://www.queenalice.com/game.php?id=473216"]
[Date "2008.10.5"]
[Round "1"]
[White "marte"]
[Black "Defensor"]
[Result "0-1"]
[WhiteElo "2082"]
[BlackElo "2000"]

1. d4 e6 2. c4 d5 3. Nf3 Nf6 4. e3 Bb4+ 5. Bd2 Bxd2+ 6. Nbxd2 O-O 7. Bd3 Nc6 8.
a3 Re8 9. O-O e5 10. cxd5 Nxd5 11. Qc2 exd4 12. Nxd4 Nxd4 13. exd4 Nf6 14. Rac1
c6 15. Nf3 h6 16. Rfe1 Bg4 17. Ne5 Be6 18. Rcd1 Nd5 19. b4 Nf4 20. Be4 Qc7 21.
b5 f6 22. bxc6 Bd5 23. cxb7 Qxb7 24. Bxd5+ Qxd5 25. Nf3 g5 26. h3 Rac8 27. Rxe8+
Rxe8 28. Kh2 Re2 29. Rd2 Rxd2 30. Qxd2 Qe4 31. Qb2 Kg7 32. a4 g4 33. hxg4 Nxg2
34. Qc3 Nf4 35. Qc7+ Kf8 36. Qb8+ Ke7 37. Qxa7+ Kf8 38. Qb8+ Ke7 39. Qc7+ Kf8
40. Qd6+ Ke8 41. Nh4 Nh5 0-1

[Event "AUTO-OPEN-1290"]
[Site "http://www.queenalice.com/game.php?id=473241"]
[Date "2008.10.5"]
[Round "1"]
[White "marte"]
[Black "montelo"]
[Result "1-0"]
[WhiteElo "2206"]
[BlackElo "1638"]

1. d4 c6 2. c4 e5 3. dxe5 Qa5+ 4. Nc3 Qxe5 5. Nf3 Qc5 6. e4 Nf6 7. Be3 Qb4 8.
Qc2 Ng4 9. Bd4 Qa5 10. Be2 d6 11. O-O Qh5 12. h3 Nf6 13. Ne5 Qg6 14. Nxg6 1-0

[Event "AUTO-OPEN-1290"]
[Site "http://www.queenalice.com/game.php?id=473242"]
[Date "2008.10.5"]
[Round "1"]
[White "montelo"]
[Black "marte"]
[Result "1-0"]
[WhiteElo "1566"]
[BlackElo "2207"]

1. e4 d6 2. c3 Nf6 3. g3 Nxe4 4. Qa4+ Bd7 5. Qxe4 Bc6 6. Bb5 d5 7. Bxc6+ Nxc6 8.
Qa4 e5 9. Qb3 Bc5 10. Qxb7 Kd7 11. Qb3 Kc8 12. Ne2 Rb8 13. Qc2 Qf6 14. f4 exf4
15. gxf4 Re8 16. d4 Bd6 17. Qxh7 Bxf4 18. Qh3+ Kd8 19. Rf1 g5 20. Kd1 Qe7 21.
Nxf4 gxf4 22. Qg2 1-0

[Event "AUTO-OPEN-1290"]
[Site "http://www.queenalice.com/game.php?id=473243"]
[Date "2008.10.5"]
[Round "1"]
[White "marte"]
[Black "afonso092"]
[Result "0-1"]
[WhiteElo "2193"]
[BlackElo "1995"]

1. d4 d5 2. c4 e6 3. Nf3 Nf6 4. e3 Nc6 5. Nc3 Be7 6. Bd3 O-O 7. O-O h6 8. a3
dxc4 9. Bxc4 Nh7 10. Qc2 Ng5 11. Nd2 Bf6 12. Bd3 e5 13. dxe5 Nxe5 14. Be2 Nc6
15. Rd1 Qe7 16. Nd5 Qd8 17. Nf3 Rb8 18. e4 Nxf3+ 19. Bxf3 Be5 20. Be3 Be6 21.
Qd2 Kh7 22. Rac1 Qe8 23. Bc5 Rg8 24. Be2 Rd8 25. Qc2 Kh8 26. b4 Bxd5 27. exd5
Ne7 28. Bf3 b6 29. Be3 Bd6 30. Qc4 Ng6 31. Bd4 Qd7 32. Qc3 Nh4 33. Bxg7+ Rxg7
34. Rd3 Nxf3+ 35. Rxf3 Kg8 36. Re1 Qg4 37. g3 Qg5 38. Re4 Qxd5 39. Rfe3 c5 40.
Qf6 Bf8 41. Qxh6 Rg6 42. Qh3 Bh6 43. Re8+ Rxe8 44. Rxe8+ Kh7 45. Qc8 Bg7 46.
bxc5 Qxc5 47. Qd7 Rf6 48. Qd3+ Qf5 49. Qe2 Re6 50. Rxe6 Qxe6 51. Qc2+ Kg8 0-1

[Event "AUTO-OPEN-1290"]
[Site "http://www.queenalice.com/game.php?id=473244"]
[Date "2008.10.5"]
[Round "1"]
[White "afonso092"]
[Black "marte"]
[Result "0-1"]
[WhiteElo "2040"]
[BlackElo "2185"]

1. e4 d6 2. Nf3 Nf6 3. Nc3 g6 4. d4 Bg7 5. h3 O-O 6. Bc4 Nbd7 7. O-O c5 8. Be3
a6 9. dxc5 dxc5 10. Qd2 b5 11. Be2 Qc7 12. Bf4 e5 13. Bh2 Bb7 14. Nd5 Nxd5 15.
exd5 Rfe8 16. c3 Rad8 17. c4 Qb6 18. Rab1 e4 19. Ne1 Ne5 20. b3 Nc6 21. Nc2 Nd4
22. Nxd4 cxd4 23. Bf4 d3 24. Bd1 bxc4 25. Be3 Qb5 26. a4 Qxd5 27. bxc4 Qc6 28.
Rb6 Qc7 29. Qb4 Bc8 30. a5 Bd4 31. Bxd4 Rxd4 32. Bb3 Red8 33. Qd2 Qe5 34. Re1
Kg7 35. f4 Qc5 36. Kh1 Re8 37. Ba2 Rdd8 38. Rbb1 e3 39. Qc3+ Qd4 40. Qxd4+ Rxd4
41. g3 d2 42. Rg1 Bxh3 43. Bb3 e2 0-1

[Event "AUTO-OPEN-1304"]
[Site "http://www.queenalice.com/game.php?id=477992"]
[Date "2008.10.16"]
[Round "1"]
[White "chefesquash"]
[Black "marte"]
[Result "0-1"]
[WhiteElo "1106"]
[BlackElo "2176"]

1. e4 e5 2. Bc4 Nf6 3. d3 Bc5 4. Nf3 Nc6 5. Nc3 O-O 6. O-O d6 7. Nd5 h6 8. c3
Na5 9. Bb3 Nxb3 10. axb3 c6 11. Nxf6+ Qxf6 12. d4 exd4 13. Nxd4 Qg6 14. f4 Qxe4
15. Re1 Bxd4+ 16. cxd4 Qg6 17. Qf3 Be6 18. Rf1 Bd5 19. Qh3 a6 20. f5 Qf6 21. Qc3
Rfe8 22. Bd2 Re4 23. Rf4 Rae8 24. Qb4 Rxf4 25. Bxf4 Qxf5 26. Qd2 Re6 27. Rf1 Qe4
28. Rf2 Qe1+ 29. Qxe1 Rxe1+ 30. Rf1 Re6 31. Kf2 Bxb3 32. Re1 Rxe1 33. Kxe1 d5
0-1

[Event "AUTO-OPEN-1304"]
[Site "http://www.queenalice.com/game.php?id=477993"]
[Date "2008.10.16"]
[Round "1"]
[White "marte"]
[Black "chefesquash"]
[Result "1-0"]
[WhiteElo "2175"]
[BlackElo "1100"]

1. d4 d5 2. c4 c5 3. e3 Nf6 4. Nf3 e6 5. Bd3 g6 6. O-O Bg7 7. Nc3 cxd4 8. exd4
Nc6 9. Bg5 O-O 10. cxd5 exd5 11. Qd2 Be6 12. a3 Bg4 13. Ne5 Qc8 14. Rac1 Qe6 15.
Rfe1 Nxe5 16. dxe5 Ne4 17. Bxe4 dxe4 18. Rxe4 Bf5 19. Rb4 b6 20. f4 f6 21. exf6
Bxf6 22. Re1 Bxc3 23. Qxc3 Qf7 24. Re7 Rac8 25. Rxf7 Rxc3 26. Rxf8+ 1-0

[Event "AUTO-OPEN-1304"]
[Site "http://www.queenalice.com/game.php?id=478022"]
[Date "2008.10.16"]
[Round "1"]
[White "marte"]
[Black "PawnOne"]
[Result "0-1"]
[WhiteElo "2149"]
[BlackElo "1948"]

1. d4 d5 2. c4 dxc4 3. Nc3 Nf6 4. e3 Bf5 5. Bxc4 e6 6. Nf3 Bb4 7. O-O O-O 8. Qb3
a5 9. a3 Bxc3 10. Qxc3 Nc6 11. h3 Ne4 12. Qb3 b6 13. Qb5 Ne7 14. Rd1 Nd5 15. Bd2
Nxd2 16. Rxd2 Be4 17. Ne5 Qg5 18. Bf1 Nxe3 19. fxe3 Qxe3+ 20. Rf2 Qxd4 21. Rd1
Qxd1 0-1

[Event "AUTO-OPEN-1304"]
[Site "http://www.queenalice.com/game.php?id=478023"]
[Date "2008.10.16"]
[Round "1"]
[White "PawnOne"]
[Black "marte"]
[Result "0-1"]
[WhiteElo "1948"]
[BlackElo "2131"]

1. e4 e5 2. Nf3 Nf6 3. Nxe5 d6 4. Nf3 Nxe4 5. d4 d5 6. Bd3 Bd6 7. O-O O-O 8. c4
c6 9. c5 Bc7 10. Nbd2 Bf5 11. Qb3 b6 12. Qc2 Re8 13. Bxe4 Bxe4 14. Nxe4 dxe4 15.
Ne1 Nd7 16. Be3 Nf6 17. cxb6 Bxb6 18. Rd1 Rc8 19. Qc3 Nd5 20. Qb3 Bc7 21. g3 Rb8
22. Qc4 Qd7 23. Qc1 Rb6 24. Ng2 Qh3 25. b3 Nf6 26. Bf4 Ng4 27. f3 Qxh2# 0-1

[Event "AUTO-OPEN-1304"]
[Site "http://www.queenalice.com/game.php?id=478024"]
[Date "2008.10.16"]
[Round "1"]
[White "marte"]
[Black "imcute"]
[Result "0-1"]
[WhiteElo "2177"]
[BlackElo "1880"]

1. d4 d5 2. c4 Nf6 3. Nf3 Bf5 4. e3 e6 5. Qb3 b6 6. cxd5 exd5 7. Nc3 Be7 8. Bb5+
c6 9. Be2 Nbd7 10. O-O O-O 11. Nh4 Be6 12. Nf3 c5 13. dxc5 bxc5 14. Rd1 d4 15.
Bc4 Bxc4 16. Qxc4 dxc3 17. Qxc3 Qc7 18. b3 Rad8 19. Bb2 Nb6 20. Qc2 h6 21. h3
Rd5 0-1

[Event "AUTO-OPEN-1304"]
[Site "http://www.queenalice.com/game.php?id=478025"]
[Date "2008.10.16"]
[Round "1"]
[White "imcute"]
[Black "marte"]
[Result "1/2-1/2"]
[WhiteElo "1916"]
[BlackElo "2156"]

1. e4 e5 2. Nf3 Nf6 3. Nc3 Nc6 4. d4 exd4 5. Nxd4 Nxd4 6. Qxd4 d6 7. Bc4 Be7 8.
O-O O-O 9. Be3 Ng4 10. h3 Bf6 11. Qd2 Nxe3 12. Qxe3 c6 13. Rad1 Re8 14. Qd3 Be6
15. Bxe6 Rxe6 16. f4 Qb6+ 17. Kh1 Rae8 18. f5 Re5 19. Qxd6 Rd8 20. Qa3 Rxd1 21.
Rxd1 Re8 22. Re1 Qf2 23. Rg1 Bd4 24. Rd1 Bxc3 25. Qxc3 h6 26. Qd3 Qh4 27. Qd7
Qxe4 28. c3 c5 29. a3 a6 1/2-1/2

[Event "AUTO-OPEN-1181"]
[Site "http://www.queenalice.com/game.php?id=503896"]
[Date "2008.12.6"]
[Round "2"]
[White "jfox"]
[Black "marte"]
[Result "0-1"]
[WhiteElo "1794"]
[BlackElo "2068"]

1. e4 e5 2. Nf3 Nf6 3. d3 d5 4. exd5 Nxd5 5. Bd2 Nc6 6. Be2 Bd6 7. O-O O-O 8.
Nc3 Nf6 9. Nb5 Be7 10. h3 a6 11. Nc3 Re8 12. a3 h6 13. Ne4 Nxe4 14. Be3 Nf6 15.
c3 e4 16. dxe4 Nxe4 17. Qxd8 Rxd8 18. Rad1 Be6 19. Rxd8+ Rxd8 20. Rd1 Rxd1+ 21.
Bxd1 Bf6 22. Bc2 Nd6 23. Bd3 Ne5 24. Be2 Ndc4 25. Bc1 Bd5 0-1

[Event "AUTO-OPEN-1181"]
[Site "http://www.queenalice.com/game.php?id=503897"]
[Date "2008.12.6"]
[Round "2"]
[White "marte"]
[Black "jfox"]
[Result "1-0"]
[WhiteElo "2063"]
[BlackElo "1786"]

1. d4 d5 2. c4 dxc4 3. Nc3 e6 4. e3 Bb4 5. Bxc4 Nf6 6. Nf3 Bxc3+ 7. bxc3 O-O 8.
O-O Ne4 9. Qc2 Nd6 10. Bd3 Bd7 11. Bxh7+ Kh8 12. Bd3 g6 13. e4 Kg7 14. Rb1 b6
15. e5 Nb7 16. Bg5 Qe8 17. Bf6+ Kg8 18. Qd2 Nc6 19. Qh6 1-0

[Event "AUTO-OPEN-1181"]
[Site "http://www.queenalice.com/game.php?id=503902"]
[Date "2008.12.6"]
[Round "2"]
[White "marte"]
[Black "luizantoniosetti"]
[Result "0-1"]
[WhiteElo "2116"]
[BlackElo "2070"]

1. d4 Nf6 2. c4 g6 3. Nc3 d5 4. e3 Bg7 5. Bd3 O-O 6. Nf3 Bg4 7. O-O dxc4 8. Bxc4
c5 9. Re1 cxd4 10. exd4 Qc7 11. Be2 Nc6 12. Be3 Rfd8 13. Rc1 e5 14. d5 e4 0-1

[Event "AUTO-OPEN-1181"]
[Site "http://www.queenalice.com/game.php?id=503903"]
[Date "2008.12.6"]
[Round "2"]
[White "luizantoniosetti"]
[Black "marte"]
[Result "1-0"]
[WhiteElo "2088"]
[BlackElo "2103"]

1. e4 d6 2. d4 Nf6 3. f3 g6 4. c4 Bg7 5. Nc3 O-O 6. Be3 Nc6 7. Bd3 e5 8. d5 Ne7
9. Nge2 Nd7 10. O-O f5 11. exf5 Nxf5 12. Bxf5 gxf5 13. f4 Nf6 14. fxe5 Ng4 15.
Qd2 Nxe5 16. b3 Qf6 17. Nb5 Rf7 18. Nxa7 1-0

[Event "AUTO-OPEN-1224"]
[Site "http://www.queenalice.com/game.php?id=520428"]
[Date "2009.1.10"]
[Round "3"]
[White "carol_santos"]
[Black "marte"]
[Result "1-0"]
[WhiteElo "2337"]
[BlackElo "2122"]

1. c4 e6 2. Nc3 d5 3. d4 Nf6 4. cxd5 exd5 5. Nf3 c6 6. Bg5 Be7 7. Qc2 h6 8. Bh4
O-O 9. e3 Nbd7 10. Bd3 Re8 11. O-O Nf8 12. Ne5 1-0

[Event "AUTO-OPEN-1224"]
[Site "http://www.queenalice.com/game.php?id=520429"]
[Date "2009.1.10"]
[Round "3"]
[White "marte"]
[Black "carol_santos"]
[Result "0-1"]
[WhiteElo "2088"]
[BlackElo "2343"]

1. d4 Nf6 2. c4 e6 3. Nf3 d5 4. e3 c5 5. Bd3 Nc6 6. O-O Be7 7. Nc3 O-O 8. a3 b6
9. Qc2 Ba6 10. b3 cxd4 11. exd4 dxc4 12. bxc4 Nxd4 0-1